| 000 | 00000nam##2200000za#4500 |
| 001 | 9.575008 |
| 003 | CaOODSP |
| 005 | 20210927150257 |
| 007 | cr ||||||||||| |
| 008 | 150406|1998||||xxc|||||o f|0| 0 eng|d |
| 040 | |aCaOODSP|beng |
| 043 | |an-cn--- |
| 086 | 1 |aR41-5/1998E-PDF |
| 110 | 1 |aCanada. |bIndian and Northern Affairs Canada. |
| 245 | 10|aFirst Nations music in Canada |h[electronic resource] |
| 260 | |aOttawa - Ontario : |bIndian and Northern Affairs |c1998. |
| 300 | |a4p.|billus. (some coloured) |
| 490 | 1 |aInformation |
| 500 | |aThe catalogue number (R41-5/1998E) and ISBN (0-662-26856-3) for the print edition have been incorrectly copied in this electronic publication. |
| 590 | |a12-37-Supp|b2012-09-24 |
| 775 | 08|tLa musique des Premières nations au Canada |w(CaOODSP)9.604660 |
| 776 | 0#|tFirst Nations music in Canada |w(CaOODSP)9.614394 |
| 830 | #0|aInformation.|w(CaOODSP)9.504488 |
| 856 | 40|ahttp://publications.gc.ca|qPDF|s162 KB|uhttps://publications.gc.ca/collections/Collection/R41-5-1998E.pdf |
| 986 | |aQS-6120-007-EE-A1 |